Loading...
| History - World | 0 | 12 | 0 | 1 | 120 | 49 | 87.42 | 6 | 9 | 0.00 | 0.00 |
| History - European | 0 | 10 | 0 | 1 | 100 | 73 | 89.30 | 3 | 6 | 0.00 | 0.00 |
| History - Other | 0 | 10 | 0 | 2 | 100 | 58 | 90.30 | 3 | 8 | 0.00 | 0.00 |
| History - American | 0 | 9 | 2 | 2 | 80 | 35 | 78.67 | 3 | 6 | 0.00 | 0.00 |
| Social Science | 0 | 6 | 0 | 1 | 60 | 59 | 79.83 | 2 | 5 | 0.00 | 0.00 |
| Religion | 0 | 6 | 0 | 1 | 60 | 69 | 96.83 | 3 | 4 | 0.00 | 0.00 |
| Fine Arts - Other | 0 | 2 | 0 | 0 | 20 | 66 | 101.00 | 1 | 2 | 0.00 | 0.00 |
| Science - Other | 0 | 2 | 0 | 0 | 20 | 45 | 57.00 | 2 | 2 | 0.00 | 0.00 |
| Geography | 0 | 2 | 0 | 0 | 20 | 54 | 72.00 | 1 | 2 | 0.00 | 0.00 |
| Literature - British | 0 | 1 | 0 | 0 | 10 | 93 | 93.00 | 0 | 1 | 0.00 | 0.00 |
| Popular Culture | 0 | 1 | 0 | 1 | 10 | 138 | 138.00 | 0 | 0 | 0.00 | 0.00 |
| Current Events | 0 | 1 | 0 | 0 | 10 | 82 | 82.00 | 0 | 0 | 0.00 | 0.00 |